000 00391nam a2200157Ia 4500
005 20240827070555.0
008 240331s9999 xx 000 0 und d
082 _bWIC
_a800
100 _aWickremasinghe, M
245 0 _aApe gama :
_blay bare the roots
260 _aDehiwala
_bTisara Prakasakayo Ltd
300 _a111, p .,
650 _aSinhala Language
650 _aCulture
942 _cL
999 _c4346
_d4346